00544nam a2200121 4500082001200000100010200012245009000114260008300204300001000287500005300297650004600350650002600396 aRP.0370 aPatel, J.M. AsgaraliuDepartment of Psychology, Annamalai UniversityvAnnamalai Nagar, Tamil Nadu aStalking Victimization among Female Students in Indian Context/c J.M. Asgarali Patel aAnnamalai Nagar, Tamil Nadu:bIndian Council of Social Science Research,c2015 a236p. aIncluded Bibliographical References and Appendix aStalking VictimxVictims of crimeszIndia aFemale StudentxGirls